000 00623nam a22001937a 4500
999 _c7581
_d7581
003 GBCCL
005 20241126110631.0
008 180828b ||||| |||| 00| 0 eng d
040 _cGBC
082 _bARM
_a248
100 _aArmstrong, Herbert W
_93968
245 _aThe seven laws of success
260 _cPasadena, Calif. :
_aAmbassador College Press,
_b ©1974
300 _a60 pages : illustrations (some color) ;
_c21 cm
650 _aSuccess -- Religious aspects -- Christianity.
_913390
650 _aWorldwide Church of God -- Doctrines.
_913391
650 _aCalifornia -- Imprints.
_913392
942 _2ddc
_cBK